| 000 | 01352nam0a2200337 4500 | ||
|---|---|---|---|
| 001 | RU\NLR\bibl\901833 | ||
| 005 | 20250614180341.0 | ||
| 010 |
_a5-699-13597-9 _94000 |
||
| 021 |
_aRU _b2005-84187 _94164 |
||
| 035 | _a(NLR Aleph) 000890265 | ||
| 090 |
_a1713965 _c1713965 |
||
| 100 | _a20060130d2005 |||y0rusy50 ca | ||
| 101 | 1 |
_arus _cger |
|
| 102 | _aRU | ||
| 105 | _aab ||||||||| | ||
| 200 | 1 |
_aСталинград. Крах операции "Блау" _fПауль Карель _g[пер. с нем. С. Гукова] |
|
| 210 |
_aМосква _cЭксмо _d2005 |
||
| 215 |
_a350 с. _cил., карты _d21 |
||
| 300 | _aЗагл. и авт. ориг.: Stalingrad: Sieg und Untergang der 6. Armee / Paul Carell | ||
| 454 | 0 |
_12001#$aStalingrad$eSieg und Untergang der 6. Armee _1700#1$aCarell$bP.$f1911-1997$gPaul$3RU\NLR\AUTH\770229608$4070 _tStalingrad _aCarell, Paul (1911-1997) |
|
| 517 | 1 | _aКрах операции "Блау" | |
| 606 | 0 |
_aСталинградская битва _z1942 - 1943 _92085735 _3RU\NLR\auth\661261857 |
|
| 686 | _aЦ35(2)722.311 | ||
| 686 | _aТ3(2)722.112.2 | ||
| 700 | 1 |
_4070 _7ca _8rus _aКарель _bП. _f1911-1997 _gПауль _9229535 _3RU\NLR\AUTH\770229591 |
|
| 801 | 0 |
_aRU _bNLR _c20060130 _grcr |
|
| 801 | 1 |
_aRU _bNLR _c20060130 |
|
| 942 | _cBOOK | ||
| 980 | _aNB | ||